000 00687nam a2200277Ia 4500
005 20260324132713.0
008 008 260324s9999 xx 000 0 eng d
020 _a9781315220789
037 _aEBOOK
040 _aCRL
040 _beng
040 _cCRL
041 _2eng
041 _aeng
084 _qCRL
100 _aAli Emadi; David G. Lilley; Ashwani K. Gupta
_91190303
245 0 _aEnergy-Efficient Electric Motors, Revised and Expanded
260 _bTaylor and Francis
260 _c2004
365 _a
365 _b465
856 _uhttp://www.taylorfrancis.com/books/9781315220789
942 _cEBOOK
999 _c1788630
_d1788630